000 00982cab a2200265 4500
001 ABS58264
008 090401t1998 xxu||||| |||| 00| 0 eng d
035 _a(Sirsi) u84515
041 _aeng
100 _aElford, J.
245 _aMaturing investment
260 _c1998
350 _a0
490 _aProperty Week
_v61(7) 20 February 1998, 30-31(2)
520 _aInvestors are responding to the lucrative nursing homes market. Sale and leaseback is proving particularly popular with nursing home operators who can shed their property responsibilities and concentrate on purely on running the homes. Table of main nursing home operators.
650 _aNURSING HOMES MARKET
650 _aNURSING HOMES
650 _aPROPERTY INVESTMENT
650 _aPROPERTY PORTFOLIOS
650 _aRESIDENTIAL CARE HOMES
650 _aSALE AND LEASEBACK
690 _aPROPERTY-COMMERCIAL PROPERTY-COMMERCIAL PROPERTY FINANCE AND INVESTMENT
942 _n0
948 _c26/02/1998
999 _c53110
_d53110